| 000 | 00333nam a22001337a 4500 | ||
|---|---|---|---|
| 003 | SGT | ||
| 020 | _a928080837 | ||
| 082 |
_a341.23 _bNAR |
||
| 100 | _aNARASIMHAN | ||
| 245 |
_aHISTORY OF UNITED NATIONS UNIVERSITY _bA PERSONAL PERSPECTIVE |
||
| 260 |
_aTOKYO _bTHE UNITED NATIONS UNIVERSITY _c1994 |
||
| 300 | _a162 | ||
| 942 |
_2ddc _cBK |
||
| 999 |
_c33663 _d33663 |
||